Pearson complete Guide To The CAT (Record no. 326623)

MARC details
000 -LEADER
fixed length control field 00427nam a2200157Ia 4500
008 - FIXED-LENGTH DATA ELEMENTS--GENERAL INFORMATION
fixed length control field 230718s9999 xx 000 0 und d
020 ## - INTERNATIONAL STANDARD BOOK NUMBER
International Standard Book Number 9788131722091
041 ## - LANGUAGE CODE
Language code of text/sound track or separate title eng
082 ## - DEWEY DECIMAL CLASSIFICATION NUMBER
Classification number 658.1
Item number SIN
100 ## - MAIN ENTRY--PERSONAL NAME
Personal name Sinha N.K.
245 ## - TITLE STATEMENT
Title Pearson complete Guide To The CAT
260 ## - PUBLICATION, DISTRIBUTION, ETC. (IMPRINT)
Date of publication, distribution, etc. 2010
Name of publisher, distributor, etc. Pearson Education
365 ## - TRADE PRICE
Currency code Rs.
Price amount 625.00
700 ## - ADDED ENTRY--PERSONAL NAME
Personal name Sinha N.K.
906 ## - LOCAL DATA ELEMENT F, LDF (RLIN)
d O:0140918-Dec-2010B:4581515-Nov-2010
c GENRL
b 156.25
Holdings
Withdrawn status Lost status Damaged status Not for loan Home library Current library Date acquired Vendor Budget Code Cost, normal purchase price Bill number Total Checkouts Full call number Barcode Date last seen Date last checked out Discount Cost, replacement price Bill Date Koha item type Original Barcode
        Cummins College of Engineering for Women Pune Cummins College of Engineering for Women Pune 18/12/2010 Vaibhav Book House GENRL 468.75 45815 7 658.1 CCEP-BK-37830 06/04/2026 16/03/2026 156.25 625.00 15/11/2010 Books 037830